02533cam a22004454i 4500003000900000005001700009008004100026020001500067020001800082035002000100040003300120082002000153100003200173245014400205264006600349300003600415336002100451337002500472338002300497504004000520505060800560526001001168526001001178526001001188526001001198526000801208526000801216526000801224526000801232526000801240526000801248526000801256520059201264610003401856610005001890650002801940650005501968700003302023700003102056PE-LiUPU20250731172924.0170508s1998 nju rb 000 0 eng d a0896223957 a9780896223950 a(Sirsi) a203898 aPE-LiUPUbspacPE-LiUPUerda04a282.09bB282201 aBausch, William J.,eautor.10aPilgrim church :ba popular history of Catholic Christianity /cWilliam J. Bausch ; revised & expanded [by] Carol Ann Cannon, Robert Obach. 1aPrinceton, N.J. :bRecording for the Blind & Dyslexic,c1989. a465 páginas ;c22 centimetros atext2rdacontent aunmediated2rdamedia avolume2rdacarrier aBibliografía : páginas 456-457.0 aBackground and beginnings -- Expansion and its problems -- Structure of the early church -- Ministries, workship and paractices -- Fight for orthodoxy -- First reflections -- Chaos and consolidation -- Carolingian era -- Rise of papal power -- Time of greatness -- East and west -- Half-way reflections -- New nations -- Outside the mainstream -- Reformation -- Dissent, radical and established -- Catholic reform -- Reason and reaction -- Liberalism and conservatism -- Age of Pius IX -- New governments -- Toward Vatican II -- Vatican II and beyond -- Church in the United States -- Final reflections. aSEG42 aSEG41 aSEG40 aSEG39 aP94 aP87 aP86 aP85 aP77 aP76 aP35 a[The author] takes readers on a ... comprehensive journey into the Catholic Church ... [He] realises how wide is the gap between the people's understanding of the Church and the Church's historical realities [and] seeks to close this gap by critically exploring such areas as: the variety of ministries in the early Church; the Crusades; the piety of the Middle Ages; the challenge of the Reformation; the role of the pope; the rise, fall and recent reinstatement of the diaconate; the changing role of women in the Church; and the origins of liturgies and popular devotions.-Back cover.2 aIglesia CatólicaxHistoria.2 aIglesia Católica.2fast0(OCoLC)fst00531720 0aHistoria de la Iglesia. 7aHistoria de la Iglesia..2fast0(OCoLC)fst008607401 aCannon, Carol Ann.eesditor.1 aObach, Robert E.eesditor.